[Event "Valencia Carabobeno"]
[Site "Valencia"]
[Date "2017.04.12"]
[Round "1"]
[White "Mendoza, Deivi"]
[Black "Sanchez Alvarez, Kelvin Antonio"]
[Result "0-1"]
[WhiteElo "2168"]
[BlackElo "2256"]
[PlyCount "38"]
[EventDate "2017.04.12"]
[EventType "tourn"]
[EventRounds "10"]
[EventCountry "VEN"]
[SourceTitle "CBM 178 Extra"]
[Source "ChessBase"]
[SourceDate "2017.06.22"]
[SourceVersion "1"]
[SourceVersionDate "2017.06.22"]
[SourceQuality "1"]

1. b3 d6 2. Bb2 e5 3. d4 exd4 4. Qxd4 Nf6 5. Nc3 Nc6 6. Qd2 Bf5 7. 0-0-0 Be7 8. Kb1 0-0 9. f3 d5 10. g4 Bg6 11. a3 d4 12. Nb5 Nd5 13. e4 Ne3 14. Rc1 Nxg4 15. Nh3 Nge5 16. Bg2 Bc5 17. Nf4 a6 18. Nd3 Nxd3 19. cxd3 Bb6 0-1

[Event "Caracas FVA 80th Ann"]
[Site "Caracas"]
[Date "2015.12.17"]
[Round "3"]
[White "Mendoza, Deivi"]
[Black "Mendoza Romero, Carlos Jose"]
[Result "1-0"]
[WhiteElo "2156"]
[BlackElo "1798"]
[PlyCount "113"]
[EventDate "2015.12.16"]
[EventType "swiss"]
[EventRounds "8"]
[EventCountry "VEN"]
[SourceTitle "EXT 2018"]
[Source "ChessBase"]
[SourceDate "2017.10.13"]
[SourceVersion "1"]
[SourceVersionDate "2017.10.13"]
[SourceQuality "1"]

1. d4 g6 2. c4 Bg7 3. Nc3 d6 4. Nf3 Nf6 5. e4 0-0 6. Be2 e5 7. d5 a5 8. Bg5 Na6 9. Nd2 h6 10. Bh4 Qe8 11. a3 Bd7 12. b3 c5 13. Nb5 Bxb5 14. cxb5 Nc7 15. a4 Nd7 16. Nc4 g5 17. Nxd6 Qb8 18. Bg3 Ne8 19. Nxe8 Qxe8 20. Bg4 Nf6 21. Bf5 h5 22. h4 g4 23. Qd2 b6 24. 0-0 Rd8 25. f3 gxf3 26. Rxf3 Qe7 27. Qg5 Rd6 28. Raf1 Kh8 29. Be1 Rg8 30. Be6 Kh7 31. Rxf6 Bxf6 32. Bf5+ Rg6 33. Qxh5+ Kg7 34. Bd2 Bxh4 35. Bxg6 Rxg6 36. Rf5 Bg3 37. Rg5 Qf6 38. Rxg6+ fxg6 39. Qf3 Bh4 40. Bh6+ Kf7 41. Bd2 Ke7 42. Qxf6+ Bxf6 43. Kf2 Kd6 44. Kf3 Bd8 45. Bc3 Bc7 46. Kg4 Bd8 47. Bd2 c4 48. b4 axb4 49. Bxb4+ Kc7 50. a5 bxa5 51. Bxa5+ Kd7 52. Bxd8 Kxd8 53. Kf3 Kc7 54. Ke3 Kb6 55. d6 Kb7 56. Kd2 Kc8 57. b6 1-0

[Event "Caracas Sunaval 2nd"]
[Site "Caracas"]
[Date "2015.08.15"]
[Round "7"]
[White "Blanco Ronquillo, Humberto L"]
[Black "Mendoza, Deivi"]
[Result "1-0"]
[WhiteElo "2414"]
[BlackElo "2147"]
[PlyCount "43"]
[EventDate "2015.08.12"]
[EventType "tourn"]
[EventRounds "9"]
[EventCountry "VEN"]
[EventCategory "2"]
[SourceTitle "EXT 2016"]
[Source "ChessBase"]
[SourceDate "2015.10.08"]
[SourceVersion "1"]
[SourceVersionDate "2015.10.08"]
[SourceQuality "1"]

1. e4 Nc6 2. Nf3 d6 3. h3 Nf6 4. Nc3 g6 5. d4 Bg7 6. Be3 0-0 7. d5 Nb8 8. Qd2 c6 9. Be2 b5 10. a3 a6 11. Bh6 Bb7 12. Bxg7 Kxg7 13. g4 Qb6 14. g5 Nh5 15. Nh4 cxd5 16. Nxd5 Bxd5 17. exd5 f6 18. Bxh5 fxg5 19. Nf3 gxh5 20. Qxg5+ Kf7 21. Qxh5+ Kf6 22. Ng5 1-0

[Event "Caracas Sunaval 2nd"]
[Site "Caracas"]
[Date "2015.08.14"]
[Round "5"]
[White "Mendoza, Deivi"]
[Black "Castro Torres, Jose Luis"]
[Result "1/2-1/2"]
[WhiteElo "2147"]
[BlackElo "2319"]
[PlyCount "79"]
[EventDate "2015.08.12"]
[EventType "tourn"]
[EventRounds "9"]
[EventCountry "VEN"]
[EventCategory "2"]
[SourceTitle "EXT 2016"]
[Source "ChessBase"]
[SourceDate "2015.10.08"]
[SourceVersion "1"]
[SourceVersionDate "2015.10.08"]
[SourceQuality "1"]

1. d4 Nf6 2. c4 g6 3. Nc3 Bg7 4. e4 d6 5. Nf3 0-0 6. Be2 e5 7. dxe5 dxe5 8. Qxd8 Rxd8 9. Bg5 Re8 10. 0-0-0 h6 11. Be3 c6 12. h3 Nbd7 13. a3 Nf8 14. Rd2 Nh5 15. Rhd1 Nf4 16. Bf1 Be6 17. Kc2 f5 18. Ne1 fxe4 19. Nxe4 Bf5 20. f3 N8e6 21. g4 Bxe4+ 22. fxe4 c5 23. Rd7 b6 24. R1d6 Bf8 25. Rc6 Rad8 26. Rxd8 Nxd8 27. Rc7 Nfe6 28. Rd7 Nc6 29. Nf3 Rd8 30. Rd5 Ned4+ 31. Bxd4 Nxd4+ 32. Nxd4 Rxd5 33. cxd5 exd4 34. Bb5 Bd6 35. Kd3 Kg7 36. Ke2 Kf6 37. Kf3 Ke5 38. Bd3 Be7 39. a4 Bd6 40. b3 1/2-1/2

[Event "Caracas Sunaval 2nd"]
[Site "Caracas"]
[Date "2015.08.13"]
[Round "3"]
[White "Mendoza, Deivi"]
[Black "Palencia Morales, Wilson Guillermo"]
[Result "0-1"]
[WhiteElo "2147"]
[BlackElo "2256"]
[PlyCount "84"]
[EventDate "2015.08.12"]
[EventType "tourn"]
[EventRounds "9"]
[EventCountry "VEN"]
[EventCategory "2"]
[SourceTitle "EXT 2016"]
[Source "ChessBase"]
[SourceDate "2015.10.08"]
[SourceVersion "1"]
[SourceVersionDate "2015.10.08"]
[SourceQuality "1"]

1. c4 f5 2. g3 Nf6 3. Bg2 g6 4. Nc3 Bg7 5. d3 c5 6. e3 Nc6 7. Nge2 a6 8. a3 Rb8 9. Rb1 b5 10. cxb5 axb5 11. b4 cxb4 12. axb4 Qb6 13. 0-0 Bb7 14. d4 Nd8 15. d5 Nf7 16. Nd4 Nd6 17. Qb3 Nfe4 18. Rd1 0-0 19. Nxe4 fxe4 20. Nc6 Rbe8 21. Na5 Ba8 22. Bb2 h5 23. Bxg7 Kxg7 24. Rd4 Rf6 25. Rbd1 h4 26. Qb2 Ref8 27. R1d2 Qb8 28. g4 Kg8 29. h3 Qe8 30. Qa2 Qf7 31. Bxe4 Nxe4 32. Rxe4 Rf3 33. Rf4 Rxf4 34. exf4 Qxf4 35. Qc2 Kh7 36. Re2 Bxd5 37. Rxe7+ Rf7 38. Rxf7+ Qxf7 39. Qe2 Kg8 40. Qe5 Qe6 41. f4 Qxe5 42. fxe5 Kf7 0-1

[Event "Caracas Sunaval 2nd"]
[Site "Caracas"]
[Date "2015.08.13"]
[Round "2"]
[White "Quesada Vera, Liordis"]
[Black "Mendoza, Deivi"]
[Result "1-0"]
[WhiteElo "2429"]
[BlackElo "2147"]
[PlyCount "105"]
[EventDate "2015.08.12"]
[EventType "tourn"]
[EventRounds "9"]
[EventCountry "VEN"]
[EventCategory "2"]
[SourceTitle "EXT 2016"]
[Source "ChessBase"]
[SourceDate "2015.10.08"]
[SourceVersion "1"]
[SourceVersionDate "2015.10.08"]
[SourceQuality "1"]

1. c4 b6 2. Nf3 Bb7 3. b3 Nf6 4. Bb2 e6 5. e3 d5 6. Be2 Nbd7 7. 0-0 Bd6 8. Qc2 0-0 9. d3 c5 10. Nc3 Rc8 11. Rfd1 Qe7 12. Rac1 a6 13. Qb1 Bc6 14. cxd5 exd5 15. d4 Bb7 16. dxc5 bxc5 17. Qf5 Rcd8 18. Ng5 g6 19. Qh3 d4 20. Na4 Rfe8 21. Bc4 Ne5 22. Nb6 Nh5 23. Bd5 Qxg5 24. f4 Qe7 25. fxe5 Bxe5 26. Bxb7 Qxb7 27. Na4 Bg7 28. Nxc5 Qb5 29. Qf3 dxe3 30. Rxd8 Rxd8 31. Bxg7 e2 32. Kf2 Kxg7 33. Qxe2 Qb4 34. Rc4 Qb6 35. Qe5+ Kg8 36. Kf1 Qa5 37. Qe2 Nf4 38. b4 Nxe2 39. bxa5 Nd4 40. Nxa6 Nf5 41. Rc3 Ra8 42. Rc6 Nd4 43. Rb6 Kg7 44. Ke1 Ra7 45. Kd2 f5 46. Kd3 Nb5 47. a4 Na3 48. Kc3 Nb1+ 49. Rxb1 Rxa6 50. Rb7+ Kg8 51. Kb4 g5 52. Kb5 Re6 53. a6 1-0

[Event "Caracas Onapre Cup 3rd"]
[Site "Caracas"]
[Date "2013.07.05"]
[Round "3"]
[White "Amaro, Juan"]
[Black "Mendoza, Deivi"]
[Result "0-1"]
[WhiteElo "1925"]
[BlackElo "2044"]
[PlyCount "42"]
[EventDate "2013.07.04"]
[EventType "swiss"]
[EventRounds "7"]
[EventCountry "VEN"]
[SourceTitle "EXT 2018"]
[Source "ChessBase"]
[SourceDate "2017.10.13"]
[SourceVersion "1"]
[SourceVersionDate "2017.10.13"]
[SourceQuality "1"]

1. e4 c5 2. Nf3 d6 3. d4 cxd4 4. Nxd4 Nf6 5. Nc3 g6 6. Be3 Bg7 7. f3 0-0 8. Qd2 Nc6 9. 0-0-0 d5 10. exd5 Nxd5 11. Nxc6 bxc6 12. Nxd5 cxd5 13. Qxd5 Qc7 14. Qc5 Qb8 15. Bd4 Bf5 16. Qxe7 Rd8 17. Qe3 Qc7 18. c3 Re8 19. Qf2 Qf4+ 20. Qd2 Qxd2+ 21. Kxd2 Bh6+ 0-1